Music Quiz

Random Music or Song Quiz

Kelly Clarkson Songs Quiz Stats

 Plays Quiz not verified by Sporcle

Also try: Who Sang It?
Challenge
Share
Tweet
Embed
Score 0/59 Timer 10:00
0 Plays Today
Album Songs % Correct
BreakawayBreakaway
93.8%
BreakawayBehind These Hazel Eyes
84.3%
BreakawayBecause of You
82.6%
All I Ever WantedAll I Ever Wanted
81.8%
All I Ever WantedMy Life Would Suck Without You
81.3%
BreakawaySince U Been Gone
80.3%
ThankfulMiss Independent
79.2%
ThankfulThankful
79%
My DecemberNever Again
78.5%
All I Ever WantedI Do Not Hook Up
78.3%
ThankfulBeautiful Disaster
75.8%
ThankfulA Moment Like This
75.8%
All I Ever WantedAlready Gone
74.7%
Breakaway Walk Away
71.5%
ThankfulLow
70%
BreakawayAddicted
70%
BreakawayGone
68.9%
My DecemberSober
68%
ThankfulThe Trouble with Love Is
65.9%
All I Ever WantedCry
64.2%
ThankfulJust Missed the Train
61.8%
BreakawayYou Found Me
60.3%
My DecemberIrvine
60.1%
My DecemberJudas
59%
BreakawayHear Me
58.4%
ThankfulBefore Your Love
57.7%
My DecemberHole
57.1%
BreakawayI Hate Myself for Losing You
55.6%
BreakawayWhere Is Your Heart
54.9%
My DecemberHaunted
54.7%
Album Songs % Correct
My DecemberOne Minute
54.5%
All I Ever WantedLong Shot
54.1%
All I Ever WantedDon't Let Me Stop You
53.6%
My DecemberDon't Waste Your Time
52.8%
All I Ever WantedWhyyawannabringmedown
52.6%
All I Ever WantedImpossible
51.9%
All I Ever WantedI Want You
51.3%
All I Ever WantedSave You
50.6%
ThankfulAnytime
50.4%
All I Ever WantedIf I Can't Have You
50.4%
My DecemberMaybe
50%
My DecemberChivas
50%
All I Ever WantedReady
49.8%
ThankfulYou Thought Wrong
48.9%
My DecemberCan I Have a Kiss
48.9%
BreakawayBeautiful Disaster (Live)
48.5%
All I Ever WantedIf No One Will Listen
48.1%
ThankfulWhat's Up Lonely
47%
My DecemberYeah
44.4%
ThankfulSome Kind of Miracle
43.1%
My DecemberHow I Feel
43.1%
My DecemberBe Still
41.6%
All I Ever WantedTip of My Tongue
41%
All I Ever WantedThe Day We Fell Apart
36.9%
My DecemberDirty Little Secret
33%
All I Ever WantedCan We Go Back
27.5%
My DecemberNot Today
25.8%
My DecemberFading
25.1%
Thankful(You Make Me Feel Like) A Natural Women
8.6%

You're not logged in!

Compare scores with friends on all Sporcle quizzes.
Join for Free
OR
Log In

You Might Also Like...

Show Comments

Extras

Top Quizzes Today


Score Distribution

Your Account Isn't Verified!

In order to create a playlist on Sporcle, you need to verify the email address you used during registration. Go to your Sporcle Settings to finish the process.

Report this User

Report this user for behavior that violates our Community Guidelines.

Details: